000 07503cam a22021614i 4500
001 u53653
003 PE-LiUPU
005 20250813165956.0
008 150618s2013 mx a rb 001 0 spa d
020 _a9786071716170
035 _a(Sirsi) i9786071716170
040 _aPE-LiUPU
_bspa
_cPE-LiUPU
_erda
049 _aPRUA
082 0 4 _a628.55
_bA33
_220
100 1 _aAlarcón, Alejandro,
_eautor.
245 1 0 _aBiorremediación de suelos y aguas :
_bcontaminadas con compuestos orgánicos e inorgánicos /
_cAlejandro Alarcón, Ronald Ferrera-Cerrato.
250 _aPrimera edición.
264 1 _aMéxico, DF :
_bTrillas,
_c2013.
300 _a333 páginas :
_bilustraciones ;
_c24 centímetros
336 _atext
_2rdacontent
337 _aunmediated
_2rdamedia
338 _avolume
_2rdacarrier
504 _aBibliografía : al final de cada capítulo.
504 _aÍndice : páginas 319-333.
505 0 _aMicroorganismos rizosféricos durante la fitorremediación de hidrocarburos del petróleo en suelos -- Microorganismos fijadores de nitrógeno de vida libre en la biorremediación -- La micorriza arbuscular como elemento biológico en la fitorremediación de hidrocarburos del petróleo -- Atenuación natural de sitios contaminados.
526 _aP203
526 _aP200
526 _aSEG65
526 _aSEG64
526 _aSEG63
526 _aSEG62
526 _aSEG61
526 _aSEG60
526 _aSEG59
526 _aSEG58
526 _aSEG57
526 _aSEG56
526 _aSEG55
526 _aSEG54
526 _aSEG53
526 _aSEG52
526 _aSEG51
526 _aSEG50
526 _aSEG49
526 _aSEG48
526 _aSEG47
526 _aSEG46
526 _aSEG24
526 _aSEG23
526 _aSEG22
526 _aSEG21
526 _aSEG20
526 _aSEG19
526 _aSEG18
526 _aSEG17
526 _aSEG16
526 _aSEG14
526 _aSEG13
526 _aSEG12
526 _aSEG11
526 _aSEG10
526 _aSEG09
526 _aSEG06
526 _aSEG05
526 _aSEG04
526 _aSEG03
526 _aSEG02
526 _aSEG68
526 _aSEG66
526 _aSEG45
526 _aSEG25
526 _aSEG01
526 _aP163
526 _aP162
526 _aP161
526 _aP160
526 _aP159
526 _aP158
526 _aP157
526 _aP156
526 _aP155
526 _aP154
526 _aP153
526 _aP152
526 _aP151
526 _aP150
526 _aP149
526 _aP142
526 _aP141
526 _aP140
526 _aP139
526 _aP138
526 _aP137
526 _aP132
526 _aP131
526 _aP130
526 _aP126
526 _aP125
526 _aP124
526 _aP123
526 _aP115
526 _aP122
526 _aP121
526 _aP116
526 _a P114
526 _aP112
526 _aP111
526 _aP104
526 _aP103
526 _aP102
526 _aP101
526 _aP100
526 _aP96
526 _aP95
526 _aP93
526 _aP92
526 _aP91
526 _aP88
526 _aP83
526 _aP82
526 _aP79
526 _aP78
526 _aP75
526 _aP74
526 _aP71
526 _aP69
526 _a P51
526 _aP49
526 _aP48
526 _aP47
526 _aP33
526 _aP31
526 _a P30
526 _aP29
526 _aP27
526 _aP26
526 _aP25
526 _aP24
526 _a P22
526 _aP10
526 _aP09
526 _a P08
526 _aP06
526 _aP05
526 _aP04
526 _aP01
541 _gF002-00000048;
541 _g001-0000891;
541 _g001-0039187;
596 _a1 2 3
650 0 4 _aAgua Contaminación.
650 0 4 _aBioremediation.
650 0 4 _aContaminación del suelo.
650 0 4 _aQuímica de suelos.
650 0 4 _aQuímica del agua.
650 0 4 _aSoil chemistry.
650 0 4 _aSoil pollution.
650 0 4 _aWater chemistry.
650 0 4 _aWater Pollution.
650 1 4 _aBiorremediación.
_93041
700 1 _aFerrera-Cerrato, Ronald,
_eautor.
910 _adbm
_bjpc
_cjpc
_d20180517
910 _ardg
_bjck
_crdg
_d20150618
910 _armch
_btqv
_cjfb
_d20181002
942 _2ddc
_cBOOK
994 _aC0
_bPEPRU
949 _a628.55 A33 2013
_wDEWEY
_c1
_iFJ06814
_d2018-3-23
_e2018-3-21
_f2017-12-28
_g1
_lCCODEBUJ1
_mBUJ
_n26
_p29.57
_q4
_r0
_sY
_tBOOK
_u2017-2-14
_xINGENIERIA
_PP24
_0COMPRA
_o.STAFF. Colección General Juliaca
949 _a628.55 A33 2013
_wDEWEY
_c1
_iFJ07456
_lCCODEBUJ1
_mBUJ
_p23.51
_r0
_sY
_tBOOK
_u2018-10-02
_xINGINIERIA
_PP24
_0COMPRA
_o.STAFF. Colección General Juliaca
949 _a628.55 A33
_wDEWEY
_c1
_i74216
_d2018-3-16
_e2018-3-13
_f2018-2-12
_g4
_lCCODEBUL1
_mBUL
_n11
_p28.93
_r0
_sY
_tBOOK
_u2016-7-26
_xINGENIERIA
_PP26
_0COMPRA
_o.STAFF. Colección Ingeniería y Arquitectura
949 _a628.55 A33
_wDEWEY
_c1
_iFT03005
_d2018-5-23
_e2018-5-20
_lCCODEBUT1
_mBUT
_n3
_p28.57
_r0
_sY
_tBOOK
_u2015-6-18
_xINGENIERIA
_PP24
_0COMPRA
_o.STAFF. Colección General
949 _a628.55 A33
_wDEWEY
_c2
_i78441
_d2018-5-28
_e2018-5-28
_f2018-5-22
_g2
_kCHECKEDOUT
_lCCODEBUL1
_mBUL
_n1
_p30.00
_rM
_sY
_tBOOK
_u2018-5-17
_xINGENIERIA
_PP24
_0COMPRA
_1FCOMPRA
_o.STAFF. Colección Ingeniería y Arquitectura
949 _a628.55 A33
_wDEWEY
_c2
_iFT03103
_lCCODEBUT1
_mBUT
_p28.57
_r0
_sY
_tBOOK
_u2016-8-29
_xINGENIERIA
_PP24
_o.STAFF. Colección General
949 _a628.55 A33
_wDEWEY
_c3
_i78442
_f2018-5-22
_g2
_lCCODEBUL1
_mBUL
_p30.00
_r0
_sY
_tBOOK
_u2018-5-17
_xINGENIERIA
_PP24
_0COMPRA
_1FCOMPRA
_o.STAFF. Colección Ingeniería y Arquitectura
999 _a628.55 A33
_wDEWEY
_c56366
_iFT03005
_d56366
_e2018-5-20
_f2019-2-20
_g1
_lCCODEBUT1
_mBUT
_n3
_p28.57
_r0
_sY
_tBOOK
_u2015-6-18
_xINGENIERIA
_PP24
_0COMPRA
_o.STAFF. Colección General
999 _a628.55 A33
_wDEWEY
_c2
_iFT03103
_f2019-2-20
_g1
_lCCODEBUT1
_mBUT
_p28.57
_r0
_sY
_tBOOK
_u2016-8-29
_xINGENIERIA
_PP24
_o.STAFF. Colección General
999 _a628.55 A33
_wDEWEY
_c1
_i74216
_d2019-2-1
_e2018-8-21
_f2021-11-9
_g7
_lCCODEBUL1
_mBUL
_n12
_p28.93
_q2
_r0
_sY
_tBOOK
_u2016-7-26
_xINGENIERIA
_PP26
_0COMPRA
_o.STAFF. Colección Ingeniería y Arquitectura
999 _a628.55 A33
_wDEWEY
_c2
_i78441
_d2018-9-23
_e2018-9-20
_f2021-11-9
_g5
_lCCODEBUL1
_mBUL
_n2
_p30.00
_q1
_r0
_sY
_tBOOK
_u2018-5-17
_xINGENIERIA
_PP24
_0COMPRA
_1FCOMPRA
_o.STAFF. Colección Ingeniería y Arquitectura
999 _a628.55 A33
_wDEWEY
_c3
_i78442
_d2018-10-3
_e2018-9-30
_f2021-11-9
_g5
_lCCODEBUL1
_mBUL
_n2
_p30.00
_q1
_r0
_sY
_tBOOK
_u2018-5-17
_xINGENIERIA
_PP24
_0COMPRA
_1FCOMPRA
_o.STAFF. Colección Ingeniería y Arquitectura
999 _a628.55 A33 2013
_wDEWEY
_c1
_iFJ06814
_d2019-11-7
_e2019-10-23
_f2022-1-26
_g4
_lCCODEBUJ1
_mBUJ
_n34
_p29.57
_q18
_r0
_sY
_tBOOK
_u2017-2-14
_xINGENIERIA
_PP24
_0COMPRA
_o.STAFF. Colección General Juliaca
999 _a628.55 A33 2013
_wDEWEY
_c2
_iFJ07456
_d2019-5-7
_e2019-5-3
_f2022-1-26
_g4
_lCCODEBUJ1
_mBUJ
_n17
_p29.57
_q9
_r0
_sY
_tBOOK
_u2017-3-31
_xINGENIERIA
_PP24
_0COMPRA
_o.STAFF. Colección General Juliaca
980 _81
_gALBERTO SANCHEZ Responsable de Automatización